| 000 | 00984nas a2200313 4500 | ||
|---|---|---|---|
| 001 | BR9804238 | ||
| 003 | BR-BrBNA | ||
| 005 | 20231205101043.0 | ||
| 007 | ta | ||
| 008 | 230509b bl.|||p| |||| 00| 00por d | ||
| 040 |
_aBR-BrBNA _bpor _cBiblioteca Nacional de Agricultura |
||
| 041 | _a(Pt) | ||
| 072 | _aL51 | ||
| 100 | 1 | _aAraujo, G.G.L. de | |
| 100 | 1 | _aSilva, J.F.C. da | |
| 100 | 1 | _aValadares Filho, S. de C. | |
| 100 | 1 | _aCampos, O.F. de | |
| 100 | 1 | _aCastro, A.C.G. de | |
| 100 | 1 | _aSignoretti, R.D. | |
| 100 | 1 | _aTurco, S.H.N. | |
| 100 | 1 | _aHenriques, L.T. | |
| 245 | 1 | _aConsumo e digestibilidade total dos nutrientes de dietas contendo diferentes niveis de volumoso, em bezerros | |
| 650 | _aBezerro | ||
| 650 | _aDigestibilidade Aparente | ||
| 650 | _aNutriente | ||
| 773 | 0 |
_tRevista Brasileira de Zootecnia (Brazil) _xISSN 0100-4859 _g(Mar-Apr 1998), v. 27(2) p. 345-354 _wBR9804238 |
|
| 909 |
_a202311 _bLúcia _c55 _dLúcia Elande |
||
| 942 |
_2AGRIS _n0 _cANA |
||
| 999 |
_c159458 _d159458 |
||